MARC details
| 000 -LÍDER |
| campo de controle de tamanho fixo |
01169naa a22003257a 4500 |
| 001 - NÚMERO DE CONTROLE |
| campo de controle |
BR6009463 |
| 003 - IDENTIFICADOR DO NÚMERO DE CONTROLE |
| campo de controle |
BR-BrBNA |
| 005 - DATA E HORÁRIO DA ÚLTIMA TRANSAÇÃO |
| campo de controle |
20240918173026.0 |
| 007 - CAMPO FIXO DE DESCRIÇÃO FÍSICA--INFORMAÇÃO GERAL |
| campo de controle de tamanho fixo |
ta |
| 008 - CAMPO DE DADOS FIXOS--INFORMAÇÃO GERAL |
| campo de controle de tamanho fixo |
230509b bl.||||| |||| 00| 0 por d |
| 040 ## - FONTE DA CATALOGAÇÃO |
| Instituição da catalogação original |
BR-BrBNA |
| Idioma da catalogação |
por |
| Instituição que transcreveu o registro |
Biblioteca Nacional de Agricultura |
| 041 ## - CÓDIGO DE IDIOMA |
| Código do idioma do texto/trilha sonora ou título diferente |
(Pt) |
| 072 ## - CÓDIGO DE CATEGORIA DE ASSUNTO |
| Código de Categoria de Assunto |
L73; D50 |
| Código do objeto |
4190 |
| -- |
4030 |
| -- |
5240 |
| -- |
G514 |
| 090 ## - NÚMERO DE CHAMADA LOCAL |
| Número de chamada |
L73 BR6009463 |
| 100 1# - ENTRADA PRINCIPAL--NOME PESSOAL |
| Nome pessoal |
Vieira, G.V.N. |
| 111 1# - ENTRADA PRINCIPAL--NOME DO EVENTO |
| Nome do evento ou lugar |
2. Congresso Rio Grandense de Agronomia |
| Local do evento |
Porto Alegre, RS (Brazil) |
| Data do evento ou assinatura do tratado |
15 May 1940 |
| 245 1# - TÍTULO |
| Título |
Subsidio para a solucao do problema de erradicacao da sarna ovina no Rio Grande do Sul [Brasil] |
| 260 3# - PUBLICAÇÃO, DISTRIBUIÇÃO, ETC. |
| Local de publicação, distribuição, etc. |
Porto Alegre, RS (Brasil): |
| Data da publicação, distribuição, etc. |
1940. |
| 500 ## - NOTA GERAL |
| Nota geral |
Anais do 2. Congresso Rio Grandense de Agronomia<br/>Porto Alegre, RS (Brasil): 1940. p. 505-513<br/>(BR6009463-AM)L73<br/> |
| 650 ## - ASSUNTO--TERMO TÓPICO |
| Cabeçalho tópico ou nome geográfico |
Doenca animal |
| 650 ## - ASSUNTO--TERMO TÓPICO |
| Cabeçalho tópico ou nome geográfico |
Legislacao |
| 650 ## - ASSUNTO--TERMO TÓPICO |
| Cabeçalho tópico ou nome geográfico |
Sarna animal |
| 650 ## - ASSUNTO--TERMO TÓPICO |
| Cabeçalho tópico ou nome geográfico |
Ovino |
| 650 ## - ASSUNTO--TERMO TÓPICO |
| Cabeçalho tópico ou nome geográfico |
Erradicacao |
| 650 ## - ASSUNTO--TERMO TÓPICO |
| Cabeçalho tópico ou nome geográfico |
Parasito |
| 650 ## - ASSUNTO--TERMO TÓPICO |
| Cabeçalho tópico ou nome geográfico |
Rio Grande do Sul |
| 773 0# - ENTRADA ANALÍTICA |
| Título |
Anais do 2. Congresso Rio Grandense de Agronomia |
| Número de controle do registro |
L73 BR6009463 |
| Partes relacionadas |
Porto Alegre, RS (Brasil), 1940. p. 505-513 |
| 909 ## - |
| -- |
202404 |
| -- |
Lucia |
| -- |
55 |
| -- |
Lucia Elande |
| 942 ## - ELEMENTOS DE ENTRADA ADICIONADOS (KOHA) |
| Tipo de material Koha |
Capítulo-Livro |
| Fonte da classificação ou esquema de arquivamento na estante |
Classificação AGRIS |